| 000 | 00723nam a22002417a 4500 | ||
|---|---|---|---|
| 001 | 33346 | ||
| 003 | BD-RjUL | ||
| 005 | 20211209052006.0 | ||
| 008 | 140507s1968 pk 001 0 eng d | ||
| 035 | _a(BD-RjUL)33437 | ||
| 040 |
_aBD-RjUL _beng _cBD-RjUL |
||
| 041 | _aeng | ||
| 082 |
_a309.15491 _bCHP 1968 |
||
| 100 | 1 |
_aChaudhury, Mohammad Iqbal. _9101228 |
|
| 245 |
_aPakistani society : _ba sociological analysis / _cby M Iqbal Choudhry; Mushtaq Ahmed Khan. |
||
| 250 | _a2nd ed. | ||
| 260 |
_aLahore : _bNoorsons, _c1968. |
||
| 300 |
_a391 p. ; _c23 cm. |
||
| 504 | _aIncludes index. | ||
| 651 | 0 |
_aPakistan _vSocial conditions. _9101229 |
|
| 700 | 1 |
_aKhan, Mushtaq Ahmed. [joint au.] _9101230 |
|
| 942 |
_2ddc _cBK |
||
| 999 |
_c33346 _d33346 |
||